000 00769nam a2200253Ia 4500
001 22066
005 20260320113339.0
008 260320s9999||||xx |||||||||||||| ||und||
020 _a9788413682990
041 _aESP
082 _a101
_bP645
100 _aPiñero Moral, Ricardo,
_eAUT
245 0 _aElogio del pensar :
_buna cuestión de principios
246 _a
_5
_b
260 _aMadrid :
_bEdiciones Palabra,
_c2023
300 _a110 páginas :
_b
_c19 cm.
_e
440 _a(dBolsillo :
_nnúmero 939)
_v
650 _aFIP
653 _aÉtica social
654 _aCHU
700 _a
_c
856 _uhttps://0u20fpmu4-y-https-research-ebsco-com.itmsp.museknowledge.com/c/qxo6us/search
_zVéase además: Base de datos EBSCOhost
942 _cLIB
_dJUS
_fMAT
_2ddc
_n
999 _c22066
_d22066